• 首页
  • 本馆介绍
  • 公告通知
  • 最新文献
  • 馆藏检索
  • 电子资源
  • 读者导购
  • 参考咨询
  • 我的图书馆
  • 登录
  • 详细信息显示
  • 放入我的书架
  • 预约/预借图书
  • 作者相关作品
  • 分类相关作品
  • 丛书相关作品
  • 出版社相关作品

书目信息

  • 表格格式
  • 工作单格式
  • 卡片格式
题名:
钢铁工业环保技术手册
    
 
作者: 韩剑宏 主编
分册:  
出版信息: 北京   化学工业出版社  2006
页数: 573页
开本: 26cm
丛书名:
单 册:
中图分类: X757-62
科图分类:
主题词: 钢铁工业--环境保护--技术手册
电子资源:
ISBN: 7-5025-8600-8
000 00769nam0 2200253 450
001 012004059927
005 20080303093954.48
009 012004059927
010    @a7-5025-8600-8@dCNY98.00
035    @a(110019)012006068033
100    @a20060804d2006 em y0chiy0110 ea
101 0  @achi
102    @aCN@b110000
105    @ay z 000yy
106    @ar
200 1  @a钢铁工业环保技术手册@Agang tie gong ye huan bao ji shu shou ce@f韩剑宏主编
210    @a北京@c化学工业出版社@d2006
215    @a573页@d26cm
330    @a本书介绍了废水污染及其处理工艺、废气污染及处理流程、固体废物的处理与利用。
606 0  @a钢铁工业@x环境保护@j技术手册
690    @aX757-62@v4
701  0 @a韩剑宏@Ahan jian hong@4主编
801  0 @aCN@b110019@c20080303
905    @dX757-62@e138@f2
    
    钢铁工业环保技术手册/韩剑宏主编.-北京:化学工业出版社,2006
    573页;26cm
    
    
    ISBN 7-5025-8600-8:CNY98.00
    本书介绍了废水污染及其处理工艺、废气污染及处理流程、固体废物的处理与利用。
●
相关链接 在E读中查询图书 在五车中查询图书 在当当中查询图书 在豆瓣中查询图书


正题名:钢铁工业环保技术手册     索取号:X757-62/138         预约/预借

序号 登录号 条形码 馆藏地/架位号 状态 备注
1 0614585   206145857   第二样本阅览室/ [索取号:X757-62/138] 在馆    
2 0614586   206145866   第三借阅区/ [索取号:X757-62/138] 在馆    
唐山师范学院图书馆 欢迎您!
大连网信软件有限公司© 版权所有